00633nam a22002057a 4500003000200000005001700002008004100019037001900060040001900079082001500098100002500113130000700138245010200145260003400247300001600281500005600297650002300353650001900376700003200395020160609165258.0100113t xxu||||| |||| 00| 0 eng d aM15458bBIBLIO aBUACbFcBEPAC a26.ABM/CHA aChabi , Sime Nazila  lfr aDétermination du type de prélèvement urinaire de cellularité convenable en cytopathologie aUAC-EPACbUAC-EPACc2006-2007 aI-67pc29cm aMEM ECOLE POLYTECHNIQUE D'ABOMEY CALAVI (UAC) 2007 aURINE CELLULARITE  aCYTOPATHOLOGIE aOumbouke , Achille Welbeck